[Event "XXX Roquetas de Mar Open 2019"]
[Site "Roquetas de Mar"]
[Date "2019.01.03"]
[Round "2"]
[White "Franco Ocampos, Zenon"]
[Black "Aguilera Lopez, Alejandro"]
[Result "1-0"]
[WhiteElo "2477"]
[BlackElo "2207"]
[Annotator "TA"]
[PlyCount "65"]
[EventDate "2019.01.02"]
[EventType "swiss"]
[EventCountry "ESP"]
[SourceTitle "playchess.com"]
[Source "ChessBase"]
[SourceQuality "1"]

{[%evp 16,65,12,-12,33,22,38,42,92,24,20,20,106,112,212,58,64,61,75,69,113,118,127,117,128,133,119,78,288,293,668,653,672,420,384,63,69,65,66,71,137,133,145,154,155,153,193,193,1315,1313,1227,1162]} 1. d4 d5 2. c4 e6 3. Nc3 Nf6 4. Bg5 Be7 5. e3 O-O 6. Nf3 Nbd7 7. Rc1 h6 8. Bf4 c5 {D63: Queen's Gambit Declined: Classical: 7 Rc1} 9. cxd5 {LiveBook: 4 Games} exd5 (9... Nxd5 10. Bg3 cxd4 11. exd4 Qa5 12. Bd3 Nxc3 13. bxc3 b6 14. O-O Bb7 15. Re1 Rfd8 16. c4 {0-1 (50) Hebden,M (2516)-Illner,A (2375) Amsterdam 2012}) 10. Bd3 b6 {The position is equal.} 11. O-O Bb7 12. Qe2 (12. Nh4 $1 $16) 12... Ne4 13. Rfd1 f5 $146 (13... Nxc3 $11 14. Rxc3 (14. bxc3 c4 $11) 14... c4) ({Predecessor:} 13... Nxc3 14. bxc3 c4 15. Bf5 Ba3 16. Rb1 Re8 17. Qc2 {1-0 (50) Ravi,L (2371)-Preethi,R (2183) Nagpur 2008}) 14. dxc5 $1 $16 bxc5 (14... Ndxc5 $16 {was called for.} 15. Nxd5 Nxd3 16. Nxe7+ (16. Qxd3 Qxd5 17. Qxd5+ Bxd5 $16) 16... Qxe7 17. Qxd3 Nc5 18. Qc4+ Qe6) 15. Ba6 $2 ({White should try} 15. Nxe4 $18 fxe4 16. Bxe4 $1 {[%mdl 512]}) 15... Nxc3 $14 16. bxc3 Bxa6 17. Qxa6 Qb6 18. Qd3 Nf6 19. Qxf5 Rad8 20. Ne5 Ne4 21. Qg4 {Nd7 is the strong threat.} h5 $2 (21... c4 $16) 22. Qxh5 $18 Qb2 $2 (22... Bf6 23. f3 Bxe5 24. Bxe5 Nf6 25. Bxf6 Rxf6 26. Rxd5 Rfd6) 23. Ng6 {[%cal Rg6e7][%mdl 64] Double Attack} Bf6 24. Nxf8 Kxf8 25. Be5 $2 (25. c4 $18) 25... Qxf2+ $14 26. Kh1 {Threatens to win with Bxf6.} Qxe3 {( -> ...Nf2+)} 27. Rc2 $1 {Strongly threatening Bxf6.} (27. Re1 {is a self mate.} Nf2+ 28. Kg1 Nh3+ 29. Kh1 Qg1+ $1 {[%mdl 512]} 30. Rxg1 Nf2#) 27... Nf2+ (27... Bxe5 $142 28. Qxe5 Nf2+ 29. Rxf2+ Qxf2) 28. Rxf2 $1 $16 Qxf2 29. Bc7 $1 {[%cal Rc7d8]} Rd7 {[#]} 30. Bg3 $1 $36 {[%cal Rg3f2][%mdl 2048] White is really pushing.} Qc2 {[#]} 31. Re1 $1 {[%csl Ge1][%cal Rh5e8]} ({Don't play} 31. Qh8+ $6 Kf7 $14) 31... g6 $2 (31... Rd8 32. Bd6+ {[%mdl 64] Double Attack} Kg8) 32. Qh6+ $18 Bg7 33. Qe3 {Accuracy: White = 45%, Black = 22%.} 1-0

[Event "XXX Roquetas de Mar Open 2019"]
[Site "Roquetas de Mar"]
[Date "2019.01.03"]
[Round "2"]
[White "Manu David Suthandram R"]
[Black "Del Rio De Angelis, Salvador G."]
[Result "*"]
[WhiteElo "2252"]
[BlackElo "2501"]
[Annotator "TA"]
[PlyCount "32"]
[EventDate "2019.01.02"]
[EventType "swiss"]
[EventCountry "ESP"]
[SourceTitle "playchess.com"]
[Source "ChessBase"]
[SourceQuality "1"]

{[%evp 10,11,0,-33]} 1. e4 e6 2. Nf3 d5 3. Nc3 Nf6 4. e5 Nfd7 5. d4 c5 6. dxc5 {LiveBook: 848 Games} {Predecessor:} Nc6 $146 7. Bf4 Nxc5 8. h4 Be7 9. h5 f5 10. Rh3 O-O 11. Nb5 Ne4 12. c3 Qb6 13. Be3 Qa5 14. Nbd4 f4 15. Bd2 Qc7 16. Nxc6 bxc6 {1-0 (61) Nepomniachtchi,I (2718)-Ding,L (2680) St Petersburg 2012} *

[Event "XXX Roquetas de Mar Open 2019"]
[Site "Roquetas de Mar"]
[Date "2019.01.03"]
[Round "3"]
[White "Marin, Mihail"]
[Black "Manu David Suthandram R"]
[Result "1/2-1/2"]
[WhiteElo "2540"]
[BlackElo "2252"]
[Annotator "TA"]
[PlyCount "183"]
[EventDate "2019.01.02"]
[EventType "swiss"]
[EventCountry "ESP"]
[SourceTitle "playchess.com"]
[Source "ChessBase"]
[SourceQuality "1"]

{[%evp 23,183,42,66,38,34,40,37,32,39,35,42,35,42,40,37,34,58,58,57,51,67,37,59,59,59,64,56,37,42,44,61,57,116,114,116,116,138,138,138,102,138,138,138,138,138,138,138,138,138,138,138,138,138,138,138,138,138,138,138,138,138,138,138,138,131,54,122,80,80,54,54,54,54,54,54,32,32,32,36,18,29,-12,-12,-12,712,0,98,96,102,118,131,89,97,113,118,17,17,0,116,0,15,15,15,17,17,5,35,10,35,8,35,0,2,0,35,35,35,17,35,8,35,6,35,8,8,8,8,8,8,8,8,8,8,8,8,8,8,8,8,8,8,8,8,8,8,0,8,0,8,8,8,8,8,0,8,8,8,8,8,8,8,8]} 1. c4 Nf6 2. g3 e6 3. Bg2 d5 4. Nf3 c5 5. O-O Nc6 6. b3 Be7 7. e3 O-O 8. Bb2 Ne4 {A14: English Opening: 1...e6 with b3 by White} (8... d4 9. exd4 cxd4 10. d3 e5 11. a3 a5 12. Nbd2 Bf5 13. Re1 Nd7 14. Ne4 Bg6 15. h4 h6 16. Rc1 f5 17. Ned2 Nc5 18. Nxe5 Nxe5 19. Rxe5 Nxd3 {1-0 (32) Vachier Lagrave,M (2779)-Dominguez Perez,L (2739) chess.com INT 2018}) 9. d3 Bf6 10. Qe2 Bxb2 11. Qxb2 Qf6 12. Qxf6 Nxf6 {LiveBook: 3 Games} 13. Nc3 Rd8 14. Rad1 $146 ({Predecessor:} 14. cxd5 exd5 15. d4 cxd4 16. Nxd4 Nxd4 17. exd4 {½-½ (33) Fehmer,D (1975)-Garbotz,J (1872) Bayern 2015}) 14... Bd7 15. cxd5 Nxd5 16. Nxd5 exd5 17. d4 c4 18. Ne5 cxb3 19. axb3 Be8 20. Nxc6 bxc6 21. Ra1 Rdb8 22. Rfb1 Rb7 23. Bf3 Kf8 24. Kf1 Ke7 25. Ke1 Kd6 26. Kd2 f5 27. h4 h5 (27... a5 $14) 28. Bd1 g6 29. Ra3 Bd7 30. Rba1 Bc8 31. Ke2 Ke7 32. Kf3 Bd7 33. Kf4 Kf6 34. Ra6 Be8 35. R1a5 Ke6 36. Bf3 {Strongly threatening Bxd5+.} Rd8 37. Ra3 $1 Ra8 38. Be2 Rab8 39. Bd1 $1 ({But not} 39. Rxa7 $6 Rxa7 40. Rxa7 Rxb3 $14) 39... Ra8 40. R3a5 Kd6 41. Kg5 Ke6 42. Bf3 Ke7 43. Ra3 Ke6 44. Kf4 ({White should try} 44. Be2 $16) 44... Kd6 (44... Rab8 $14) 45. R3a5 Ke7 46. Ke5 Rxb3 47. Rxa7+ Rxa7 48. Rxa7+ $14 {[%mdl 4096] Endgame KRB-KRB} Bd7 $1 49. Bd1 Rb1 50. Ba4 Ra1 51. f3 Ra3 52. e4 fxe4 53. fxe4 Re3 $2 {[%mdl 8192]} (53... dxe4 $11 54. Kxe4 Kd6) 54. Bc2 $2 (54. Bxc6 $1 $18 Rxe4+ 55. Kxd5) 54... Re2 (54... g5 $11) 55. Bb1 $1 $16 Re1 56. Rb7 $1 dxe4 57. Bxe4 Kd8 {aiming for ...Bf5.} 58. Kf4 Rd1 {[#]} 59. Ke3 ({Don't take} 59. Bxg6 Rxd4+ 60. Ke3 Rd5 $14) ({Only move:} 59. Rb4 $1 $16) 59... Re1+ $11 60. Kf4 (60. Kf3 $11) 60... Rd1 $1 $16 {[#]} 61. Ke3 (61. Rb4 $1 $16) 61... Re1+ $11 62. Kf3 Rf1+ $1 63. Ke2 Rf6 64. Ra7 Be8 65. Ra5 Ke7 66. Re5+ Kf8 67. Bc2 Bf7 68. Be4 Be8 69. Bf3 Bd7 70. Ke3 Rd6 71. Be2 Be8 72. Bc4 Rf6 (72... Bf7 {keeps more tension.} 73. Bd3 Kg7 74. Rg5 Bd5 75. Kd2 Re6) 73. Re6 (73. Bd3 {feels hotter.} Rd6 74. Be4 Kf7 75. Kd3 Re6 76. Ra5) 73... Rxe6+ {The position is equal.} 74. Bxe6 {And now Kf4 would win. KB-KB} Ke7 75. Bb3 Bf7 76. Bc2 Kf6 77. Kd2 Ke7 78. Be4 Be8 79. Ke3 Ke6 80. Kf4 Kf6 81. Bf3 Bd7 82. Bg2 Be8 $1 83. Ke3 Ke7 84. Be4 Ke6 85. Bg2 Ke7 86. Bf3 Ke6 87. Bd1 Ke7 88. Ba4 Ke6 89. Kd3 Kf5 90. d5 cxd5 91. Bxe8 Kg4 92. Bxg6 {Accuracy: White = 51%, Black = 66%.} 1/2-1/2

[Event "XXX Roquetas de Mar Open 2019"]
[Site "Roquetas de Mar"]
[Date "2019.01.03"]
[Round "3"]
[White "Gavilan Diaz, Mario"]
[Black "Sosa, Tomas"]
[Result "0-1"]
[WhiteElo "2357"]
[BlackElo "2499"]
[Annotator "TA"]
[PlyCount "186"]
[EventDate "2019.01.02"]
[EventType "swiss"]
[EventCountry "ESP"]
[SourceTitle "playchess.com"]
[Source "ChessBase"]
[SourceQuality "1"]

{[%evp 24,186,0,-5,0,-19,-8,-18,-14,-19,0,0,-2,-127,-127,-112,-120,-129,-124,-147,-149,-153,-152,-198,-191,-189,-163,-166,-168,-179,-182,-191,-213,-195,-195,-225,-204,-412,-397,-383,-267,-267,-277,-296,-290,-289,-281,-245,-189,-340,-265,-325,-220,-238,0,-329,-259,-248,-253,-317,-159,-110,0,-319,-181,-149,0,-319,-317,-320,-313,-242,0,-55,-56,-53,-50,-72,-49,-107,-76,-92,0,0,0,0,0,0,0,0,0,0,0,0,0,0,0,0,0,0,0,0,0,0,0,0,0,0,0,0,0,0,0,0,0,0,0,0,0,0,0,0,0,0,0,0,0,0,0,0,0,0,0,0,0,0,0,0,0,0,0,0,0,0,0,-265,-265,-264,-264,-264,-169,-1196,-1148,-29965,-29967,-29975,-29976,-29976,-29977,-29977,-29978,-29982,-29978,-29982,-29983]} 1. Nf3 c5 2. c4 g6 3. g3 Bg7 4. Bg2 Nc6 5. O-O e6 6. Nc3 Nge7 7. d3 O-O 8. Bd2 b6 9. a3 Bb7 10. Rb1 d6 11. b4 Qd7 12. e3 {A37: Symmetrical English vs ...g6: 4 Bg2 Bg7 5 Nf3} h6 13. Qe2 {LiveBook: 3 Games} f5 14. Rfd1 {The position is equal.} e5 15. Ne1 {[#]} Rae8 $146 ({Predecessor:} 15... Kh7 16. Nd5 Rae8 17. bxc5 dxc5 18. a4 Nxd5 19. Bxd5 {½-½ (19) Erdos,V (2624)-Lenic,L (2632) Sibenik 2012}) 16. Nc2 Kh8 17. a4 cxb4 18. Nd5 (18. Nxb4 $11 {was the only way to keep the balance.} Nxb4 19. Rxb4) 18... a5 $1 $17 19. Nxb6 Qc7 20. Nd5 Nxd5 21. Bxd5 Nd8 22. Na1 Qd7 23. Nb3 Bxd5 $1 (23... Qxa4 24. Ra1 $11) 24. cxd5 Qxa4 25. d4 exd4 26. Qa6 dxe3 27. Bxe3 {[#]} Rxe3 $1 28. fxe3 Qe8 29. Qd3 Nb7 30. Rdc1 $2 (30. Nxa5 {keeps fighting.} Nxa5 31. Rxb4) 30... a4 $19 31. Rc7 Qb8 (31... axb3 32. Rxb7 b2 33. Rxb4 $11) 32. Rxg7 Kxg7 33. Qd4+ Kh7 34. Nd2 Nc5 35. Rxb4 Qc7 36. Nc4 $2 (36. Rb2 {was forced.}) 36... Ra8 {White must now prevent ...a3.} 37. Na3 Nb3 38. Qf6 Nd2 $2 (38... Qc1+ 39. Kg2 $11) (38... Ra7 $19 39. Kf2 Nc5) 39. Nc4 $2 {[%mdl 8192]} (39. Qb2 $11 {and White is okay.} Nb3 40. Nc4) 39... Ne4 (39... Nxc4 40. Rxc4 $1 {[%mdl 512]} Qd7 41. Qc3 $19) 40. Qb2 Ra7 41. Qa3 {[#]} Nc5 (41... f4 $1 $19 {[%mdl 512] And now ...f3 would win.} 42. Rxa4 (42. exf4 Qc5+) 42... Rxa4 43. Qxa4 fxg3 44. hxg3 Qf7) 42. Rb6 $17 Ne4 $2 (42... f4 $17 43. exf4 Nb3 44. Qxd6 Qxd6 45. Rxd6 a3 46. Nxa3 Rxa3) 43. Rb4 $1 $19 {[#]} Qd7 (43... f4 $142 $1 {[%mdl 512] Threatens to win with ...f3.} 44. gxf4 (44. exf4 Qc5+) 44... Qd7) 44. Nb6 Qc7 $2 (44... Qf7 $17 45. Rxa4 Rb7) 45. Nc4 {[#]} f4 $1 {[%mdl 512]} 46. Rxa4 (46. exf4 Qc5+) 46... Rxa4 47. Qxa4 fxe3 $2 (47... fxg3 48. hxg3 Qf7 49. Qa2) (47... f3 $1 $19 {[%cal Rf3f2]} 48. Nb2 Qc1+ 49. Nd1 Kg7 50. Qd4+ Kf7) 48. Nxe3 ({White should play} 48. Qe8 $1 $11 Ng5 49. Nxe3) 48... Qc1+ $15 {[%mdl 64] Double Attack} 49. Nd1 Qc5+ {[%mdl 64] Double Attack} 50. Kg2 Nf6 ({Of course not} 50... Qxd5 51. Qd7+ Kg8 52. Qe8+ Kh7 53. Qe7+ Kg8 54. Qe8+ Kh7 55. Qe7+ Kg8 56. Qe8+ $11) 51. Kh3 (51. Qa8 $15) 51... g5 52. Qc6 Qg1 ({Much weaker is} 52... Nxd5 $6 53. Qd7+ Kg6 54. Qe8+ Kf5 55. Qf7+ Ke5 56. Nf2 $15 (56. Qe8+ Kd4 $17)) (52... Qxd5 $17 53. Qxd5 Nxd5) 53. Qc2+ Kg7 54. Qc7+ Kg6 {[%cal Rg1f1]} 55. Qc2+ Kg7 (55... Kh5 $5 56. Qf5 $8 Qxd1 57. Qxf6 g4+ 58. Kg2 Qxd5+ 59. Kg1 Qc5+ 60. Kf1 Qb5+ 61. Kf2 Qc5+ 62. Kf1 Qc1+ 63. Ke2 Qc2+ 64. Kf1 Qb1+ 65. Kf2 Qb6+ 66. Kf1 Qb5+ 67. Kf2 Qd7 $11) 56. Qc7+ Kg6 {[%cal Rg1f1]} 57. Qc2+ Kh5 {[%csl Gf6,Gh5][%cal Rg5g4]} 58. Qf5 Qxd1 59. Qxf6 $11 {[%cal Rf6f7][%mdl 4096] Endgame KQ-KQ} g4+ 60. Kg2 {[%cal Rf6f5]} Qxd5+ 61. Kg1 Qd1+ 62. Kg2 {[%cal Rf6f5]} Qe2+ 63. Kg1 {[%cal Rf6f5]} Qe3+ 64. Kg2 Qe4+ 65. Kg1 Qb1+ 66. Kf2 Qc2+ 67. Kg1 Qc5+ 68. Kg2 Qd5+ 69. Kg1 Qd1+ 70. Kg2 {[%cal Rf6f5]} Qe2+ 71. Kg1 {[%cal Rf6f5]} Qe1+ 72. Kg2 {[%cal Rf6f5]} Qe4+ 73. Kg1 $1 d5 74. Qf7+ Kg5 75. Qg7+ Qg6 76. Qe5+ Qf5 77. Qg7+ Kh5 78. Kg2 Qe4+ 79. Kg1 Qe1+ 80. Kg2 Qe2+ 81. Kg1 Qe3+ 82. Kg2 d4 83. Qf7+ Kg5 84. Qg7+ $2 {[%mdl 8192]} (84. h4+ $11 {and White has nothing to worry.} gxh3+ 85. Kxh3) 84... Kf5 $19 85. Qh7+ {[#]} Ke5 $1 {( -> ...Qe4+)} 86. Qe7+ {[#]} Kd5 $1 87. Qb7+ $2 (87. Qd7+ Kc4 88. Qxg4) 87... Kc4 88. Qc6+ Kd3 {Black mates.} 89. Qb5+ Kd2 90. Qb2+ Kd1 91. Qa1+ Ke2 92. Qf1+ Kd2 93. Qf8 {[#]} Qf3+ $1 {[%mdl 512] Accuracy: White = 52%, Black = 68%.} 0-1

[Event "XXX Roquetas de Mar Open 2019"]
[Site "Roquetas de Mar"]
[Date "2019.01.04"]
[Round "4"]
[White "Shirov, Alexei"]
[Black "Plazuelo Pascual, Juan"]
[Result "1-0"]
[WhiteElo "2658"]
[BlackElo "2416"]
[Annotator "TA"]
[PlyCount "77"]
[EventDate "2019.01.02"]
[EventType "swiss"]
[EventCountry "ESP"]
[SourceTitle "playchess.com"]
[Source "ChessBase"]
[SourceQuality "1"]

{[%evp 10,77,14,-4,0,-34,0,-12,7,-3,12,16,18,14,25,21,25,19,15,4,19,15,27,24,45,33,60,0,0,0,0,0,0,0,0,0,0,-15,0,12,20,0,211,55,54,34,251,251,391,404,385,378,430,405,417,418,411,382,650,548,548,545,544,541,525,517,1181,1102,29997,29998]} 1. e4 {[%cal Be2e4,Be4e5][%mdl 32]} c6 2. d4 d5 3. e5 c5 4. Ne2 Nc6 5. c3 Bf5 6. Ng3 {LiveBook: 4 Games. B12: Caro-Kann: Advance Variation} (6. dxc5 Nxe5 7. Nd4 Bd7 8. Qh5 Nc6 9. Qxd5 e6 10. Qc4 Rc8 11. Be2 Ne5 12. Qb3 Bxc5 13. O-O Qb6 {0-1 (80) Mamedov,R (2709)-Esipenko,A (2564) Riadh 2017}) 6... Bg6 7. e6 fxe6 $146 {next ...cxd4 is good for Black.} ({Predecessor:} 7... cxd4 8. cxd4 Qb6 9. Nc3 Qxd4 10. Qb3 O-O-O 11. Be3 Qe5 12. exf7 Nf6 13. Nce2 d4 {½-½ (27) Treger,E (2280)-Gaillard,E (2126) New York 2006}) 8. Bb5 {The position is equal.} Nf6 9. O-O Bf7 10. Nd2 {[%cal Bb1d2,Bd2f3,Bf3e5,Be5c6][%mdl 32]} g6 11. Nf3 Bg7 12. Ne5 O-O 13. Bxc6 bxc6 14. Nxc6 Qc7 15. Ne5 cxd4 16. cxd4 Rfc8 17. Bd2 Nd7 18. f4 (18. Nxf7 $14 Kxf7 19. Bc3) 18... Nxe5 $11 19. fxe5 Qb6 20. Qf3 Rf8 21. Qe3 $36 {[%mdl 2048] White fights for an advantage.} Qxb2 22. Rfb1 Qc2 23. Bb4 Rfc8 24. Bxe7 Rc4 25. Rb3 Bf8 $2 (25... Be8 $11 {and Black is okay.}) 26. Bxf8 $2 (26. Bd6 $1 $18) 26... Rxf8 $14 27. Rf1 Rc7 $2 ({Better is} 27... Be8 $14) 28. Qg5 $1 $18 ({Less strong is} 28. Qh6 Rc3 $11) 28... Be8 (28... Kh8 $142 29. Nh5 gxh5) 29. Rxf8+ Kxf8 {[#]} 30. Qf6+ $1 Rf7 31. Qh8+ Ke7 {[#]} 32. Rb7+ $1 Bd7 {( -> ...Qd1+)} 33. h3 Qa4 $2 (33... Qc6 34. Rb8 Qc7) 34. Kh2 a6 35. Qc8 Rf8 36. Qc5+ Kf7 37. Qc7 Ke8 (37... Kg8 $142 38. Qxd7 Qxd7 39. Rxd7 Rf4) 38. Qd6 {White threatens Rb8+ and mate.} Rf2 39. Rb8+ {Accuracy: White = 70%, Black = 32%.} 1-0

[Event "XXX Roquetas de Mar Open 2019"]
[Site "Roquetas de Mar"]
[Date "2019.01.04"]
[Round "4"]
[White "Shirov, Alexei"]
[Black "PLAZUELO PASCUAL, Juan"]
[Result "1-0"]
[WhiteElo "2658"]
[BlackElo "2416"]
[Annotator "TA"]
[PlyCount "77"]
[EventDate "2019.01.02"]
[EventType "swiss"]
[EventCountry "ESP"]
[SourceTitle "playchess.com"]
[Source "ChessBase"]
[SourceQuality "1"]

{[%evp 10,77,3,-13,6,-36,0,0,0,-2,13,20,13,21,16,8,4,5,11,16,13,14,15,13,46,50,47,0,0,0,0,0,0,0,0,0,0,0,25,0,27,7,260,57,37,42,257,236,428,420,408,383,488,488,485,468,464,437,577,546,527,534,547,539,518,510,1154,1215,29997,29998]} 1. e4 {[%cal Be2e4,Be4e5][%mdl 32]} c6 2. d4 d5 3. e5 c5 4. Ne2 Nc6 5. c3 Bf5 6. Ng3 {LiveBook: 4 Games. B12: Caro-Kann: Advance Variation} (6. dxc5 Nxe5 7. Nd4 Bd7 8. Qh5 Nc6 9. Qxd5 e6 10. Qc4 Rc8 11. Be2 Ne5 12. Qb3 Bxc5 13. O-O Qb6 {0-1 (80) Mamedov,R (2709)-Esipenko,A (2564) Riadh 2017}) 6... Bg6 7. e6 fxe6 $146 {White should prevent ...cxd4.} ({Predecessor:} 7... cxd4 8. cxd4 Qb6 9. Nc3 Qxd4 10. Qb3 O-O-O 11. Be3 Qe5 12. exf7 Nf6 13. Nce2 d4 {½-½ (27) Treger,E (2280)-Gaillard,E (2126) New York 2006}) 8. Bb5 {The position is equal.} Nf6 9. O-O Bf7 10. Nd2 {[%cal Bb1d2,Bd2f3,Bf3e5,Be5c6][%mdl 32]} g6 11. Nf3 Bg7 12. Ne5 O-O 13. Bxc6 bxc6 14. Nxc6 Qc7 15. Ne5 cxd4 16. cxd4 Rfc8 17. Bd2 Nd7 18. f4 Nxe5 19. fxe5 Qb6 20. Qf3 Rf8 21. Qe3 Qxb2 22. Rfb1 $36 {[%mdl 2048] White has some pressure.} Qc2 23. Bb4 Rfc8 24. Bxe7 Rc4 25. Rb3 Bf8 $2 {[%mdl 8192]} (25... Be8 $11 {and Black is okay.}) 26. Bxf8 $2 ({White must play} 26. Bd6 $1 $18) 26... Rxf8 $14 27. Rf1 Rc7 $2 ({Better is} 27... Be8 $14) 28. Qg5 $1 $18 ({Less strong is} 28. Qh6 Rc3 $14) 28... Be8 $2 (28... Qxa2 29. Rbf3 Qb2) 29. Rxf8+ Kxf8 {[#]} 30. Qf6+ $1 Rf7 31. Qh8+ Ke7 {[#]} 32. Rb7+ $1 Bd7 {( -> ...Qd1+)} 33. h3 Qa4 34. Kh2 a6 35. Qc8 Rf8 36. Qc5+ Kf7 37. Qc7 Ke8 (37... Kg8 $142 38. Qxd7 Qxd7 39. Rxd7 Rf4) 38. Qd6 {Intending Rb8+ and mate.} Rf2 39. Rb8+ {Accuracy: White = 67%, Black = 27%.} 1-0

[Event "XXX Roquetas de Mar Open 2019"]
[Site "Roquetas de Mar"]
[Date "2019.01.04"]
[Round "4"]
[White "Grigoryan, Karen H."]
[Black "Nguyen, Piotr"]
[Result "1-0"]
[WhiteElo "2557"]
[BlackElo "2403"]
[Annotator "ChessBase"]
[PlyCount "71"]
[EventDate "2019.01.02"]
[EventType "swiss"]
[EventCountry "ESP"]
[SourceTitle "playchess.com"]
[Source "ChessBase"]
[SourceQuality "1"]
[TimeControl "5400+30"]

1. d4 {[%emt 0:00:00]} d6 {[%emt 0:00:25]} 2. e4 {[%emt 0:00:14]} Nf6 {[%emt 0:00:20]} 3. f3 {[%emt 0:01:39]} e5 {[%emt 0:01:46]} 4. Ne2 {[%emt 0:00:30]} Be7 {[%emt 0:03:24]} 5. c4 {[%emt 0:01:04]} O-O {[%emt 0:02:58]} 6. Be3 {[%emt 0:01:09]} c6 {[%emt 0:02:35]} 7. Nbc3 {[%emt 0:01:22]} a6 {[%emt 0:07:25]} 8. d5 {[%emt 0:00:33]} b5 {[%emt 0:05:04]} 9. Nc1 {[%emt 0:01:27]} b4 {[%emt 0:12:58]} 10. N3e2 {[%emt 0:00:23]} Ne8 {[%emt 0:05:27]} 11. Qd2 {[%emt 0:02:11]} c5 {[%emt 0:02:10]} 12. a3 {[%emt 0:00:15]} bxa3 {[%emt 0:01:13]} 13. Rxa3 {[%emt 0:01:13]} h6 {[%emt 0:03:42]} 14. g3 {[%emt 0:03:31]} f5 {[%emt 0:07:30]} 15. exf5 {[%emt 0:00:06]} Bxf5 {[%emt 0:00:04]} 16. Bg2 {[%emt 0:00:04]} Nd7 {[%emt 0:05:16]} 17. O-O {[%emt 0:02:45]} a5 {[%emt 0:01:33]} 18. Nc3 {[%emt 0:01:56]} Nc7 {[%emt 0:03:51]} 19. Ne4 {[%emt 0:07:14]} Bxe4 {[%emt 0:02:37]} 20. fxe4 {[%emt 0:00:08]} Rxf1+ {[%emt 0:00:09]} 21. Kxf1 {[%emt 0:00:23]} a4 {[%emt 0:00:42]} 22. h4 {[%emt 0:01:23]} Na6 {[%emt 0:06:10]} 23. Bh3 {[%emt 0:05:38]} Nb6 {[%emt 0:07:12]} 24. Qe2 {[%emt 0:01:00]} Nb4 {[%emt 0:01:04]} 25. Bf2 {[%emt 0:01:29]} Qc7 {[%emt 0:02:19]} 26. Rf3 {[%emt 0:01:42]} Rf8 {[%emt 0:00:17]} 27. Be6+ {[%emt 0:00:11]} Kh8 {[%emt 0:02:52]} 28. Rxf8+ {[%emt 0:00:06]} Bxf8 {[%emt 0:00:02]} 29. g4 {[%emt 0:00:56]} g6 {[%emt 0:02:52]} 30. h5 {[%emt 0:02:32]} gxh5 {[%emt 0:02:50]} 31. Bh4 {[%emt 0:05:59]} Be7 {[%emt 0:07:24]} 32. Qe3 {[%emt 0:07:25]} Kh7 {[%emt 0:00:38]} 33. Qf3 {[%emt 0:03:27]} Bxh4 {[%emt 0:01:07]} 34. Qf5+ {[%emt 0:00:03]} Kg7 {[%emt 0:00:16]} 35. gxh5 {[%emt 0:00:05]} Qd8 {[%emt 0:00:40]} 36. Qg6+ {[%emt 0:00:06]} 1-0

[Event "XXX Roquetas de Mar Open 2019"]
[Site "Roquetas de Mar"]
[Date "2019.01.04"]
[Round "4"]
[White "Nasuta, Grzegorz"]
[Black "Sabuk, Piotr"]
[Result "1-0"]
[WhiteElo "2534"]
[BlackElo "2395"]
[Annotator "ChessBase"]
[PlyCount "43"]
[EventDate "2019.01.02"]
[EventType "swiss"]
[EventCountry "ESP"]
[SourceTitle "playchess.com"]
[Source "ChessBase"]
[SourceQuality "1"]
[TimeControl "5400+30"]

1. e4 {[%emt 0:00:00]} d6 {[%emt 0:00:00]} 2. d4 {[%emt 0:00:00]} Nf6 {[%emt 0:00:00]} 3. Nc3 {[%emt 0:00:00]} g6 {[%emt 0:00:00]} 4. h3 {[%emt 0:00:28]} c6 {[%emt 0:03:40]} 5. a4 {[%emt 0:03:11]} Nbd7 {[%emt 0:07:06]} 6. Be3 {[%emt 0:01:03]} Qa5 {[%emt 0:02:38]} 7. Qd2 {[%emt 0:00:47]} b5 {[%emt 0:03:51]} 8. b4 {[%emt 0:00:08]} Qxb4 {[%emt 0:07:05]} 9. axb5 {[%emt 0:00:42]} c5 {[%emt 0:04:03]} 10. Nf3 {[%emt 0:39:16]} e5 {[%emt 0:11:17]} 11. dxe5 {[%emt 0:03:44]} Nxe4 {[%emt 0:02:59]} 12. Nxe4 {[%emt 0:00:14]} Qxe4 {[%emt 0:00:10]} 13. Bd3 {[%emt 0:01:51]} Qb7 {[%emt 0:01:41]} 14. exd6 {[%emt 0:00:26]} Bg7 {[%emt 0:05:55]} 15. Bh6 {[%emt 0:07:40]} O-O {[%emt 0:02:19]} 16. O-O {[%emt 0:01:21]} Nf6 {[%emt 0:02:33]} 17. Bxg7 {[%emt 0:08:52]} Kxg7 {[%emt 0:00:05]} 18. Qc3 {[%emt 0:00:05]} Qb6 {[%emt 0:06:56]} 19. Be4 {[%emt 0:09:24]} Rb8 {[%emt 0:01:01]} 20. Bc6 {[%emt 0:00:09]} Rd8 {[%emt 0:05:41]} 21. Rfd1 {[%emt 0:09:26]} a6 {[%emt 0:02:06]} 22. Ng5 {[%emt 0:03:11]} 1-0

[Event "XXX Roquetas de Mar Open 2019"]
[Site "Roquetas de Mar"]
[Date "2019.01.04"]
[Round "4"]
[White "Tazbir, Marcin"]
[Black "Luch, Michal"]
[Result "1/2-1/2"]
[WhiteElo "2529"]
[BlackElo "2362"]
[Annotator "ChessBase"]
[PlyCount "61"]
[EventDate "2019.01.02"]
[EventType "swiss"]
[EventCountry "ESP"]
[SourceTitle "playchess.com"]
[Source "ChessBase"]
[SourceQuality "1"]
[TimeControl "5400+30"]

1. c4 {[%emt 0:00:00]} e6 {[%emt 0:00:00]} 2. g3 {[%emt 0:00:00]} d5 {[%emt 0:00:04]} 3. Bg2 {[%emt 0:00:06]} dxc4 {[%emt 0:00:11]} 4. Qa4+ {[%emt 0:00:06]} Nd7 {[%emt 0:00:11]} 5. Nf3 {[%emt 0:00:15]} a6 {[%emt 0:00:38]} 6. Qxc4 {[%emt 0:00:03]} b5 {[%emt 0:01:00]} 7. Qb3 {[%emt 0:00:32]} Bb7 {[%emt 0:00:23]} 8. O-O {[%emt 0:00:05]} Ngf6 {[%emt 0:07:55]} 9. Rd1 {[%emt 0:00:41]} c5 {[%emt 0:02:49]} 10. d3 {[%emt 0:03:07]} Qb6 {[%emt 0:04:19]} 11. a4 {[%emt 0:04:45]} Be7 {[%emt 0:19:18]} 12. axb5 {[%emt 0:06:42]} axb5 {[%emt 0:00:06]} 13. Rxa8+ {[%emt 0:00:13]} Bxa8 {[%emt 0:00:02]} 14. Ne5 {[%emt 0:13:32]} O-O {[%emt 0:04:11]} 15. Nxd7 {[%emt 0:00:21]} Nxd7 {[%emt 0:00:05]} 16. Nc3 {[%emt 0:00:33]} Bxg2 {[%emt 0:01:24]} 17. Kxg2 {[%emt 0:00:07]} b4 {[%emt 0:09:16]} 18. Ne4 {[%emt 0:00:29]} Qc6 {[%emt 0:14:37]} 19. f3 {[%emt 0:00:09]} Qd5 {[%emt 0:00:48]} 20. Qc2 {[%emt 0:00:25]} Ra8 {[%emt 0:07:32]} 21. b3 {[%emt 0:07:38]} Ra1 {[%emt 0:00:54]} 22. Be3 {[%emt 0:07:52]} Rxd1 {[%emt 0:05:12]} 23. Qxd1 {[%emt 0:00:02]} f5 {[%emt 0:01:08]} 24. Nd2 {[%emt 0:00:36]} Bf6 {[%emt 0:04:13]} 25. Nc4 {[%emt 0:02:11]} Qa8 {[%emt 0:02:33]} 26. Qb1 {[%emt 0:02:50]} h6 {[%emt 0:02:52]} 27. Bf2 {[%emt 0:02:37]} Bc3 {[%emt 0:00:40]} 28. Nb2 {[%emt 0:05:59]} Qd5 {[%emt 0:01:26]} 29. Nc4 {[%emt 0:06:16]} Qa8 {[%emt 0:00:03]} 30. Nb2 {[%emt 0:00:12]} Qd5 {[%emt 0:00:04]} 31. Nc4 {[%emt 0:01:35]} 1/2-1/2